An Integrated Decision-Making Framework for Sustainable Residential Building Design using BIM / (Record no. 535524)

000 -LEADER
fixed length control field 00562nam a22001577a 4500
020 ## - INTERNATIONAL STANDARD BOOK NUMBER
Qualifying information Hard Cover.
082 ## - DEWEY DECIMAL CLASSIFICATION NUMBER
Classification number 624.1
100 ## - MAIN ENTRY--PERSONAL NAME
Personal name Ahmad, Tayyab
245 ## - TITLE STATEMENT
Title An Integrated Decision-Making Framework for Sustainable Residential Building Design using BIM /
Statement of responsibility, etc. Tayyab Ahmad.
260 ## - PUBLICATION, DISTRIBUTION, ETC.
Place of publication, distribution, etc. Islamabad:
Name of publisher, distributor, etc. NIT NUST,
Date of publication, distribution, etc. 2015.
300 ## - PHYSICAL DESCRIPTION
Extent 172 p. :
Other physical details ill. ;
Dimensions 30cm.
942 ## - ADDED ENTRY ELEMENTS (KOHA)
Source of classification or shelving scheme
Koha item type Thesis
650 ## - SUBJECT ADDED ENTRY--TOPICAL TERM
Topical term or geographic name entry element Constuction Engineering and Management MS-Thesis.
700 ## - ADDED ENTRY--PERSONAL NAME
Personal name Dr. Muhammad Jamaluddin Thaheem
650 ## - SUBJECT ADDED ENTRY--TOPICAL TERM
-- 30118
700 ## - ADDED ENTRY--PERSONAL NAME
-- 16295
Holdings
Withdrawn status Lost status Source of classification or shelving scheme Damaged status Not for loan Permanent Location Current Location Shelving location Date acquired Total Checkouts Full call number Barcode Date last seen Price effective from Koha item type
          Central Library (CL) Central Library (CL) Thesis 09/16/2020   624.1 CL-T-5910 09/16/2020 09/16/2020 Thesis
© 2023 Central Library, National University of Sciences and Technology. All Rights Reserved.